[Event "Linares 15th"]
[Site "Linares"]
[Date "1998.02.24"]
[Round "3"]
[White "Kasparov, Garry"]
[Black "Anand, Viswanathan"]
[Result "1-0"]
[WhiteElo "2825"]
[BlackElo "2770"]
[Annotator "Ftacnik,L"]
[PlyCount "69"]
[EventDate "1998.02.22"]
[EventType "tourn"]
[EventRounds "12"]
[EventCountry "ESP"]
[EventCategory "21"]
[SourceTitle "CBM 064"]
[Source "ChessBase"]
[SourceDate "1998.06.02"]
[SourceVersion "1"]
[SourceVersionDate "1998.06.02"]
[SourceQuality "1"]

1. e4 c6 2. d4 d5 3. Nd2 dxe4 4. Nxe4 Nd7 5. Ng5 Ngf6 6. Bd3 e6 (6... h6 $2 7.
Ne6 fxe6 $4 8. Bg6#) 7. N1f3 Bd6 (7... h6 8. Nxe6 Qe7 9. O-O fxe6 10. Bg6+ Kd8
11. Bf4 {DeepBlue-Kasparov/New York (6)/1997/1-0/}) 8. Qe2 h6 (8... Qc7 $4 9.
Nxf7 $1 Kxf7 10. Ng5+ Ke8 11. Qxe6+ Be7 12. Qf7+ Kd8 13. Ne6#) 9. Ne4 (9. Nxe6
$2 fxe6 10. Qxe6+ Qe7 $19) 9... Nxe4 10. Qxe4 Qc7 (10... Nf6 11. Qh4 Ke7 $5 {
Karpov. /\g7-g5} 12. Ne5 Bxe5 13. dxe5 Qa5+ 14. c3 Qxe5+ 15. Be3 b6 16. O-O-O
g5 17. Qh3 $1 (17. Qa4 $17 {Kamsky-Karpov/Dortmund/1993/}) 17... c5 18. Rhe1
Bb7 19. Bc4 $1 {1-0 Morozevich,A-Iordachescu,V/Chebanenco mem 1st 1998/CBM 64 
(38)}) 11. Qg4 Rg8 $5 $146 {Finding a novelty in such often played position is
not easy. Anand's move is much less commital than the known alternatives.} (
11... g5 12. Qh3 (12. Nd2 Nf6 13. Qf3 Be7 14. Nc4 b6 15. Ne5 Bb7 16. h4 c5 17.
Bb5+ Kf8 18. Qg3 Bd6 19. hxg5 Ne4 20. Qf3 cxd4 21. Ng6+ Kg8 22. Nxh8 Bb4+ 23.
c3 Nxc3 24. Qxf7+ Qxf7 25. Nxf7 Nxb5+ 26. Bd2 Bxd2+ 27. Kxd2 Kxf7 28. Rxh6 {
1-0 Nijboer,F-Maki Uuro,M/Arnold Cup 1994 (31)}) 12... Rg8 13. Nd2 Bf8 14. Ne4
(14. Nc4 b6 15. Qg3 Qxg3 16. hxg3 Bb7 17. Bh7 Rh8 18. Be4 O-O-O 19. c3 Be7 20.
Ne5 Nxe5 21. dxe5 c5 {1-0 Spangenberg,H-Giardelli,S/Buenos Aires PRENAJ 1994/ 
(40)}) 14... Bg7 15. O-O Bxd4 16. Be3 Be5 (16... Bxb2 17. Rad1) 17. Rad1 Nf6
18. Nxf6+ Bxf6 19. Bh7 Rh8 20. Qxh6 Be7 21. Qg7 {1-0 Kasparov,G-Kamsky,G/
Linares 1994 (39)}) (11... Kf8 12. O-O c5 13. Re1 b6 14. c3 Bb7 15. h4 Re8 16.
h5 Bd5 17. Bd2 Rd8 {1/2-1/2 Topalov,V-Anand,V/Linares (6)/1998/CBM 64 (40)})
12. Nd2 $5 {/\Nc4} (12. Bxh6 Nf6 13. Qg5 (13. Qh4 Rh8) 13... Bf8 $1 (13... Nd5
14. Qg4 (14. Bxg7 Qa5+ 15. c3 Bf8 $19) 14... Nf6) 14. Qe5 Bd6 15. Qg5 Bf8 $11)
(12. Qe4 Nf6 13. Qe2 Bd7 14. Bd2 O-O-O 15. O-O-O Kb8 $11) 12... Nf6 13. Qf3 e5
14. dxe5 (14. Nc4 Be6) 14... Bxe5 15. Nc4 Be6 16. Bd2 $5 (16. Nxe5 Qxe5+ 17.
Be3 (17. Qe2 Qxe2+ 18. Kxe2 O-O-O 19. Re1 Rge8 20. Kf1 $14) 17... Ng4 (17...
Bd5 18. Qh3) (17... Qxb2 18. O-O) 18. O-O-O Nxe3 $11) 16... O-O-O $2 {Playing
against Kasparov even Anand multiplies the danger he sees in different
variations. It must have been better to bite the bullet and accept the pawn
sacrifice.} (16... Bxb2 17. Nxb2 (17. Bf4 Bc3+ 18. Kf1 Qe7 19. Nd6+ Kf8) 17...
Qe5+ 18. Qe2 (18. Be3 Qc3+ 19. Bd2 Qe5+) 18... Qxb2 19. O-O O-O-O 20. a4 Rge8
21. Rfb1 Qd4 22. Be3 $40) (16... Bxc4 17. Bxc4 Bxb2 18. Qe3+ (18. Rb1 Be5 $1 (
18... Qe5+ 19. Kf1 O-O-O 20. Bf4 Qc5 21. Bxf7 (21. Qb3 Rd4) 21... Qxc2 22. Be6+
Nd7 23. Rd1 $16) 19. Qe3 O-O-O 20. Qxa7 Rge8 21. Be3 Ng4 $17) (18. Rd1 O-O-O
19. O-O Be5 $17) 18... Kd8 (18... Kd7 19. Qh3+ (19. Rd1 Rae8 20. Ba5+ Qd6 21.
Rxd6+ Kxd6 22. Bb4+ Kd7 23. Bxf7 Rxe3+ 24. fxe3 $14)) (18... Qe7 19. Qxe7+ Kxe7
20. Rb1) 19. Rd1 Nd5 20. Qb3 $13) 17. O-O-O Nd7 $6 (17... Bg4 18. Bf5+ Bxf5 19.
Qxf5+ Nd7 20. Be3 $16) (17... Bxh2 18. g3 Ng4 19. Bf4 $16) (17... Rd7 18. Nxe5
Qxe5 19. Qe3 (19. Bf4 Qa5) 19... Qxe3 20. Bxe3 $14) 18. Rhe1 (18. Nxe5 Qxe5 19.
Bf4 Qf6 $4 20. Qxc6+ $1 bxc6 21. Ba6#) (18. Ba5 Nb6) 18... Rge8 (18... Bf6 $5
19. Bf4 Bg5 (19... Qxf4+ 20. Qxf4 Bg5 21. Qxg5 hxg5 22. Nd6+ $14) 20. Bxg5 hxg5
21. h3 Rh8 $11) 19. Kb1 (19. Qe3 $2 Bxc4 20. Bxc4 Bxb2+ 21. Kxb2 Rxe3 $19)
19... g5 $2 {Even in the symmetrical structures like this one the pawn
weaknesses on the flanks play a great role.} (19... Kb8 $4 20. Nxe5 Nxe5 21.
Rxe5 $1 Bxa2+ 22. Kxa2 Rxe5 23. Bf4 $18) (19... f6 $5) (19... Qb8 $16) 20. h4
$1 (20. Qe3 Bf4 21. Qxa7 Bxc4 22. Rxe8 (22. Bxf4 $2 Qxf4 23. g3 Rxe1 24. Rxe1
Qd2 $19) (22. Bxc4 Bxd2 23. Rxe8 Rxe8 24. Rxd2 Re1+ 25. Rd1 Rxd1#) 22... Rxe8
23. Ba5 Bxa2+ 24. Kxa2 Qb8 $13) (20. Ba5 b6 21. Bd2 Bg7) (20. Qe3 $2 Bf4 21.
Qxa7 Bxc4 $17) 20... Bf4 (20... g4 21. Qe3 Bxc4 22. Bxc4 Nb6 23. Bd3 $16) (
20... Bd5 21. Qe3 Kb8 22. hxg5 hxg5 23. Qxg5 Rg8 24. Qf5 $14) 21. Bxf4 gxf4 (
21... Qxf4 22. Qxf4 gxf4 23. Nd6+ $18) 22. Bf5 $1 {Strictly speaking the
punishment for black's mistakes is rather positional and very convincing.} Nf8
(22... Bxc4 23. Rxe8 Rxe8 24. Bxd7+ Qxd7 25. Rxd7 Kxd7 (25... Re1+ 26. Rd1) 26.
b3 Bd5 27. Qxf4 $18) (22... Bxf5 23. Rxe8 (23. Nd6+ $4 Qxd6 24. Rxd6 Rxe1+ 25.
Rd1 Ne5) 23... Rxe8 24. Nd6+ Kd8 25. Nxf5 $18) 23. Qh5 $1 Kb8 24. Bxe6 Nxe6 25.
a4 $1 {World champion doesn't want to give his opponent any chance for real
counterplay. Isolated pawns f7,f4,h6 will not run away.} (25. Qxh6 b5 26. Nd2
Rg8 $14) 25... Qe7 26. Qe5+ Qc7 27. Qh5 Qe7 28. b3 (28. Qxh6 $2 Rh8 $17) (28.
Rxd8+ Rxd8 29. Qxh6 $2 Qb4 $19) 28... Qf6 29. Ne5 Re7 30. Ng4 Rxd1+ (30... Qg6
31. Qe5+ Rc7 (31... Kc8 $2 32. Rxd8+ Kxd8 33. Qb8+ Kd7 34. Ne5#) 32. Rxd8+ Nxd8
33. Nf6 Kc8 34. Qd6 Ne6 35. Qf8+ $1 Nd8 36. Qxd8+ Kxd8 37. Re8#) 31. Rxd1 Qg7 (
31... Qg6 32. Qe5+ Kc8 (32... Rc7 33. Nf6 Kc8 34. Ne8 Rd7 35. Nd6+ $18) 33. Nf6
Qg7 34. Rd8+ $3 Nxd8 (34... Kxd8 35. Qb8#) 35. Qxe7 Ne6 36. Ne8 Qd4 37. Nd6+
$18) 32. f3 $1 (32. Nxh6 Qh8 33. Qa5 b6 34. Qh5 $16) 32... Re8 (32... f6 33.
Qf5 $18) 33. Qf5 $1 (33. Qxh6 Qxh6 34. Nxh6 Rh8 35. Nxf7 Rxh4 $16) 33... Ka8 (
33... Qg6 34. Qe5+ Ka8 35. h5 (35. Rd7 h5 $1 36. Nf6 Rf8 $14) 35... Qg5 36.
Qxg5 Nxg5 37. Nxh6 $16) (33... h5 34. Qxh5 Rh8 35. Qa5 $16) 34. h5 Rf8 35. Rd7
$138 (35. Rd7 Qg5 36. Qxg5 hxg5 (36... Nxg5 37. Nxh6 $18) 37. h6 $18) 1-0

[Event "PCA-Wch Candidates m3"]
[Site "New York"]
[Date "1994.??.??"]
[Round "7"]
[White "Short, Nigel D"]
[Black "Gulko, Boris F"]
[Result "1/2-1/2"]
[WhiteElo "2655"]
[BlackElo "2615"]
[Annotator "Ftacnik,L"]
[PlyCount "101"]
[EventDate "1994.06.??"]
[EventType "match"]
[EventRounds "8"]
[EventCountry "USA"]
[SourceTitle "CBM 042"]
[Source "ChessBase"]
[SourceDate "1994.10.01"]
[SourceVersion "1"]
[SourceVersionDate "1994.10.01"]
[SourceQuality "1"]

1. e4 {Blatny,P} c6 2. d4 d5 3. Nc3 dxe4 4. Nxe4 Nd7 5. Bc4 Ngf6 6. Ng5 e6 7.
Qe2 Nb6 8. Bb3 h6 9. N5f3 a5 10. c3 c5 11. a3 Qc7 12. Nh3 Bd7 13. O-O cxd4 14.
Bf4 (14. Nxd4 {Blatny,P} Bd6 $132) 14... Bd6 15. Bxd6 Qxd6 16. Rfd1 (16. Rad1 {
Short,N-Gulko,B/New York PCA-m (5)/1994/}) (16. Nxd4 {Blatny,P} O-O $10) 16...
O-O 17. Rxd4 Qc5 18. Nf4 Qb5 19. Qxb5 (19. Qc2 Bc6 (19... e5 20. c4 Qc5 21. Nd3
Bf5 22. Nxc5 Bxc2 23. Nxe5 $16) (19... a4 {Blatny,P} 20. Ba2 Bc6 21. c4 Qc5 22.
Nd3 Qf5 {=/=/+}) 20. c4 Qc5 21. Nd3 Qf5 22. Nde5 Be4 $13) (19. Qd1 Bc6 20. a4
$6 Bxf3 21. axb5 Bxd1 22. Rdxd1 (22. Raxd1 a4 (22... e5 23. Rd6 Nc8 24. Rxf6 $1
gxf6 25. Ng6 a4 $1 (25... Re8 26. Rd7 Nb6 27. Rxf7 $18) 26. Ba2 a3 $1 27. b4
Nb6 28. Nxf8 Kxf8 29. c4 Ke7 30. Kf1 Na4 31. Rd3 Nb2 32. Rc3 $16 Ra4 33. c5
Rxb4 34. c6 bxc6 35. bxc6 Rb8 (35... Kd8 36. c7+ Kc8 37. Bxf7 Rb6 38. Bg6 $18)
36. Rxa3 $18) 23. Ba2 a3 $1 24. b4 e5 25. Rd6 Na4 26. Ne2 Ne4 $19)) 19... Bxb5
20. Re1 Nbd7 $1 {xe5} 21. Rdd1 Bc6 (21... Nc5 22. Bc2 Ba4) 22. Nd4 Nc5 23. Bc2
(23. Nxc6 Nxb3 24. Ne5 Rfd8 $10) 23... Be4 24. Bxe4 (24. b4 Bxc2 25. Nxc2 Nce4
26. c4 axb4 27. axb4 Ra2 $132) 24... Nfxe4 25. f3 (25. b4 $2 Nxc3 26. bxc5 Nxd1
27. Rxd1 e5 $17) 25... Nf6 26. Nd3 Nxd3 27. Rxd3 Rfd8 28. Re5 (28. Red1 Rd5 $10
) 28... Rd5 29. Rxd5 Nxd5 30. Nb5 (30. c4 Nf4 31. Rd2 Rc8 $10) 30... a4 (30...
Rc8 31. Nd6 Rc7 32. c4 Rc6 33. Nxb7 Rxc4 34. Nxa5 Rc1+ 35. Kf2 Rc2+ $10) 31.
Rd4 (31. Kf2 Kf8 32. c4 Nb6 33. Nd6 Rd8 34. Ke2 $14) 31... Kf8 32. Kf2 (32. c4
Nb6 33. Nd6 $1 (33. Rd6 Nxc4 34. Rd7 Rb8 35. Rc7 Nxb2 36. Nd6 b5 $17) 33... Rd8
34. c5 Nc8 $10) 32... Ke7 33. Ke2 g5 $1 34. g3 f5 35. Kd3 h5 36. c4 (36. Kc4 g4
37. f4 h4 $132) 36... Nf6 37. Rd6 (37. Nd6 $2 e5 38. Nxf5+ Ke6 39. Ng7+ Kf7)
37... Nd7 (37... g4 38. f4 h4 39. Rb6 Ne4 40. gxh4 Rd8+ 41. Ke3 Rd7 42. Nd4 $16
) 38. Kc3 (38. Rxe6+ $2 Kxe6 39. Nc7+ Kd6 40. Nxa8 b6 (40... Ne5+ $17 {Blatny,P
}) (40... Kc6) 41. Kd4 Kc6 42. f4 g4 43. Nxb6 (43. Kc3 Kb7 44. Kd4 Kxa8 45. Kd5
Kb7 46. Ke6 Kc6 47. Kxf5 Kd6 48. Kg6 Ke6 49. Kxh5 Kf5 $19) 43... Nxb6 44. Ke5
Nxc4+ 45. Kxf5 Nxb2 46. Ke6 Nc4 47. f5 Nd6 48. f6 Kc5 $19) 38... Rc8 39. Kb4
Ne5 $1 40. c5 (40. Kxa4 $2 Nxc4 41. Rd4 e5 $19) 40... Nxf3 41. Rb6 Ne5 (41...
Nxh2 42. Rxb7+ Kf6 43. Na7 Rd8 44. c6 $18) 42. Rxb7+ Kf6 43. Kxa4 (43. Na7 Ra8
(43... Nd3+ $2 44. Kc4 Nxc5 45. Rh7 Rb8 46. Kxc5 Rxb2 47. Rh6+ Kf7 48. Rxh5 $18
) 44. Kb5 f4 45. gxf4 gxf4 $132) (43. Nd6 Nd3+ 44. Kc4 Rxc5+ 45. Kxd3 Rd5+ $19)
43... f4 $1 (43... Rxc5 44. Nd6 (44. b4 Rc2 $36) 44... Nd3 45. b4 Rc3 46. Ra7
Ke5 $15) (43... Rxc5 {Blatny,P}) 44. gxf4 (44. b4 fxg3 45. hxg3 Rh8 $1) (44.
Nd6 $5 f3 $1 45. b4 Rd8 46. Rc7 (46. Ne4+ Kf5 47. Nf2 Rd2) 46... Kg6 $1 47. Re7
(47. Ne4 Rd4 48. Nf2 Rd2 49. Ne4 Re2 $19) 47... f2 $1 (47... Rxd6 $6 48. cxd6
f2 49. Rxe6+ Kf7 50. Rxe5 f1=Q 51. Rxg5 $10) 48. Rxe6+ Kg7 49. Nf5+ (49. Re7+
Kf6) 49... Kf7 50. Re7+ Kf6 $19) 44... gxf4 45. b4 f3 46. Nd6 (46. Nc3 Kf5 47.
Nd1 Rd8 $19) 46... Rg8 (46... Rf8 $5 47. Ne4+ Kg6 48. Ng3 (48. Nf2 Ng4 49. Nd3
e5 $19) 48... f2 49. Re7 $1 (49. b5 Rf4+ 50. Ka5 Nc4+ 51. Ka6 Rf3 52. Rb8 Rxg3
53. Rf8 Rxa3+ 54. Kb7 Ra2 $19) 49... h4 50. Nf1 Kf6 51. Rh7 $17) (46... Rd8 $1)
47. Kb3 (47. b5 Rg4+ 48. Kb3 f2 49. Rb8 Kg7 50. Rb7+ Kg6 $19) (47. Ne4+ Kf5 48.
Nd2 f2 49. b5 Rg4+ $1 50. Ka5 $5 (50. Kb3 Rd4 51. Nf1 Rd1 52. Ng3+ (52. Ne3+
Ke4) 52... Kg4 53. c6 Rd3+ 54. Kc2 Rxg3 $19) 50... Rd4 51. Nf1 Rd1 52. Ng3+ Kg4
53. c6 h4 54. Rg7+ Kh3 55. c7 Rc1 (55... hxg3 $6 56. c8=Q f1=Q 57. Qxe6+ Kxh2
58. Qxe5 $13) 56. Nf1 $1 Nc4+ 57. Kb4 (57. Ka6 Nd6 58. b6 (58. Rd7 Rxf1 59.
Rxd6 Rc1 60. Rc6 Rxc6+ 61. bxc6 f1=Q+) (58. Ne3 Re1) 58... Rxf1 59. b7 Rc1 60.
b8=Q f1=Q+) 57... Nd6 58. b6 Rxf1 59. b7 Rb1+ $19) 47... Rg4 $6 (47... Rg2 48.
Rb8 (48. b5 $1 {Blatny,P} f2 49. Ne4+ Kf5 50. Nd2 $5 (50. Nxf2 Rxf2 51. c6 $36)
50... Rg1 51. c6 f1=Q (51... Rc1 52. c7 $1 (52. Rb8) 52... Nf3 $5 53. Nf1 $1
$16 Rxf1 $140 54. c8=Q Rb1+ 55. Ka2 f1=Q 56. Rf7+ Ke5 57. Qc5+ Ke4 58. Qc2+ $18
) 52. Nxf1 Rxf1 53. c7 Rc1 54. b6 Nc4 $1 (54... Nd7 $2 55. c8=Q Rxc8 56. Rxd7
Rb8 57. b7 e5 58. a4 Ke6 59. Rh7 Kd5 60. a5 Kc5 61. a6 Kb6 62. Rh6+ Ka7 63. Rc6
e4 64. Rc8 $18) 55. a4 $5 Na5+ (55... Nxb6 $1 56. Rxb6 Rxc7 $10) 56. Kb2 Rc6 (
56... Rc5 57. Rb8 Nc4+ 58. Kb3 Nxb6 59. Rxb6 (59. a5 $2 Rb5+ $1) 59... Rxc7 $10
) 57. Rb8 Nc4+ 58. Kb3 Nxb6 59. a5 Rxc7 60. axb6 Rc1 61. Ka4 Rb1 62. Ka5 e5 63.
Ka6 (63. b7 Ke4 $10) 63... Ra1+ 64. Kb5 Rb1+ 65. Kc6 Rc1+ 66. Kd6 (66. Kb7 e4
67. Rf8+ Kg4 $10) 66... Rd1+ 67. Ke7 Rb1 $10) 48... f2 49. Rf8+ Ke7 50. Rf4
Rxh2 51. Ne4 Rh4 $17) 48. Rb8 (48. c6 f2 49. c7 f1=Q 50. c8=Q Qd1+) 48... Kg7 (
48... Rf4 49. Rf8+ (49. b5 Kg7 (49... f2 50. Rf8+ Kg5 51. Ne4+ Rxe4 52. Rxf2
$13)) 49... Kg5 50. Rg8+ Ng6 51. c6) 49. Rb7+ Kf6 (49... Kg6 50. Rb8 f2 (50...
Kg7 $10 {Blatny,P}) (50... Rf4 $2 51. Rg8+ Kh6 52. Rg1 f2 53. Rf1 Ng4 54. c6
Nxh2 55. Rxf2 Rxf2 56. c7 Rf8 57. b5 $1 (57. Nf7+ Kg6 58. Nd8 Rf3+ 59. Kc4 Rf1
60. Kb5 Rc1 61. Nc6 Nf3 62. c8=Q Nd4+ 63. Ka4 $18) 57... h4 58. b6 $18) 51.
Rg8+ Kh6 52. Rf8 Rg2 53. Ne4 $18) 50. Rb8 (50. Ne8+ $2 {Blatny,P} Kg5 51. Rg7+
Kf4 52. Rxg4+ hxg4 53. Ng7 f2 54. Nh5+ Kf3 55. Ng3 Kg2 56. b5 Kxh2 $19) 50...
Kg7 (50... Rf4 51. Rf8+ Kg5 52. Rg8+ (52. h4+ Kg4 53. Rg8+ Kxh4 54. Rg1 f2 55.
Rf1 Kg3 56. b5 Kg2 57. Rxf2+ Rxf2 58. c6 Rf8 59. c7 Nd7 60. c8=Q Rxc8 61. Nxc8
h4 $19) 52... Ng6 (52... Kh4 53. Rg1 f2 54. Rf1 $10) 53. c6 f2 54. c7 f1=Q 55.
c8=Q Qb1+ $1 (55... Qd3+ 56. Qc3 Qd1+ 57. Qc2 Rf3+ 58. Kb2 Qxc2+ (58... Qd4+
59. Ka2 Rf2 60. Ne4+) 59. Kxc2 Rxa3 60. b5 $14) 56. Ka4 Qd1+ 57. Ka5 Qxd6 $19)
(50... Rh4 51. b5 Rxh2 52. c6 f2 53. Rf8+ Ke7 54. c7 $18) (50... Kg5 51. Rg8+
Kf4 (51... Ng6 52. c6 f2 53. c7 f1=Q 54. c8=Q Qb1+ 55. Ka4 Qd1+ 56. Kb5 Qxd6
$17) 52. Rf8+ (52. Rxg4+ hxg4 53. c6 $5 (53. b5 f2 54. c6 f1=Q 55. c7 Qb1+ $19)
53... Nxc6 (53... f2 54. c7 f1=Q 55. c8=Q Qd1+ $19) 54. Nc4 f2 55. Nd2 Nd4+ 56.
Kc3 Nf3 57. Nf1 Nxh2 58. Nxh2 g3 $19) 52... Ke3 53. b5 (53. c6 Nxc6 54. b5 Na5+
55. Kc3 Rf4 $19) 53... Nd7 $1 54. c6 Nxf8 55. c7 f2 56. c8=Q f1=Q $19) 51. Rb7+
1/2-1/2

[Event "PCA-Wch Candidates m3"]
[Site "New York"]
[Date "1994.??.??"]
[Round "5"]
[White "Short, Nigel D"]
[Black "Gulko, Boris F"]
[Result "1/2-1/2"]
[WhiteElo "2655"]
[BlackElo "2615"]
[Annotator "Ftacnik,L"]
[PlyCount "97"]
[EventDate "1994.06.??"]
[EventType "match"]
[EventRounds "8"]
[EventCountry "USA"]
[SourceTitle "CBM 042"]
[Source "ChessBase"]
[SourceDate "1994.10.01"]
[SourceVersion "1"]
[SourceVersionDate "1994.10.01"]
[SourceQuality "1"]

1. e4 {Blatny,P} c6 2. d4 d5 3. Nc3 dxe4 4. Nxe4 Nd7 5. Bc4 Ngf6 6. Ng5 e6 7.
Qe2 Nb6 8. Bb3 h6 9. N5f3 a5 10. c3 c5 11. a3 Qc7 12. Nh3 Bd7 13. O-O cxd4 (
13... Bd6 {Short,N-Gulko,B/New York PCA-m (3)/1994/}) 14. Bf4 Bd6 15. Bxd6 Qxd6
16. Rad1 O-O 17. Rxd4 Qc5 {xb5} 18. Rfd1 Bc6 (18... Bb5 $5 19. c4 (19. Qe5 Nbd7
20. Rxd7 $2 (20. Qxc5 Nxc5 21. Bc2 Be2 $10) 20... Nxd7 21. Rxd7 Qxe5 22. Nxe5
Bxd7 23. Nxd7 Rfd8 24. Nb6 Ra6 25. Nc4 b5 26. Ne3 Rd2 27. Bc2 b4 $17) 19... Bc6
(19... Ba4 $5) 20. Ne5 a4 21. Bc2 Ra5) (18... Bb5 $5 {Blatny,P}) 19. Ne5 Bd5 (
19... Bb5 {Blatny,P} 20. Qe1 $14 (20. c4 Ba6 (20... a4 21. Ba2 Ba6 22. Nf4 {
/\->0-0}) 21. Nf4 $36)) 20. c4 Bc6 21. Qe3 a4 22. Bc2 Ra5 23. Nd3 (23. Nxc6
Qxc6 $10) (23. f4 Nbd7) 23... Qe7 24. Nb4 Qc5 (24... e5 $5 25. Qe2 (25. Rh4 Rc5
26. Bd3 Rc8 $15) (25. f4 Ng4 26. Qe2 Qc5 27. fxe5 Nxe5 $15) (25. Nxc6 {Blatny,P
} bxc6 {/\Rc5,Qe6->Pc4}) 25... Qe6 26. Nxc6 bxc6 $36) 25. Nd3 Qe7 26. Re1 Nbd7
27. Qd2 Raa8 28. f4 Rfd8 29. Nhf2 (29. f5 Nc5 (29... e5 $5) 30. Rxd8+ Rxd8 (
30... Qxd8 {Blatny,P} 31. fxe6 Nxe6 $13) 31. Qb4 Nfe4 $5) 29... Nb6 (29... Nc5
30. Rxd8+ Rxd8 31. Qb4 Nfd7 32. Ne4) 30. Ne5 Qc7 31. Rd1 (31. f5 $5 Rxd4 32.
Qxd4 Rd8 33. Qe3 exf5 34. Bxf5 $13) 31... Rxd4 32. Qxd4 Rc8 (32... Be8) 33. Qd6
(33. f5 $5 Nbd7 (33... exf5 34. Bxf5 Re8 35. Nfd3 (35. Nxc6 Qxc6 36. c5 Nbd7
37. Ne4 $14) 35... Nbd7 $14) (33... Be8 34. fxe6 fxe6 35. Bd3 $14) 34. Nxc6
Qxc6 35. fxe6 Qxe6 36. Bxa4 Rxc4 37. Bxd7 Rxd4 38. Bxe6 Rxd1+ 39. Nxd1 fxe6 $14
) 33... Be8 34. Qxc7 Rxc7 35. Rd4 Kf8 36. Nfd3 Nfd7 37. Nxd7+ Rxd7 38. Rxd7
Bxd7 39. Ne5 (39. c5 Nc4 40. Ne5 Nxe5 41. fxe5 f6 42. exf6 gxf6 43. Kf2 e5 $10)
39... Be8 40. c5 Nd5 41. g3 b6 $1 42. cxb6 (42. c6 $2 b5 43. Bd3 Nc7 $17) 42...
Nxb6 43. Kf2 Ke7 44. Ke3 f6 45. Nd3 Kd6 46. Kd4 Bg6 47. Bd1 Be8 48. h4 Bc6 49.
b3 (49. b3 axb3 50. Bxb3 Nd7 51. a4 e5+ 52. fxe5+ fxe5+ $10) 1/2-1/2

[Event "FIDE-Wch"]
[Site "NED/INA"]
[Date "1993.??.??"]
[Round "1"]
[White "Timman, Jan H"]
[Black "Karpov, Anatoly"]
[Result "0-1"]
[WhiteElo "2620"]
[BlackElo "2760"]
[Annotator "Ftacnik,L"]
[PlyCount "112"]
[EventDate "1993.09.??"]
[EventType "match"]
[EventRounds "21"]
[EventCountry "NED"]
[SourceTitle "CBM 036"]
[Source "ChessBase"]
[SourceDate "1993.10.01"]
[SourceVersion "1"]
[SourceVersionDate "1993.10.01"]
[SourceQuality "1"]

1. e4 c6 2. d4 d5 3. Nd2 dxe4 4. Nxe4 Nd7 5. Bc4 Ngf6 6. Ng5 e6 7. Qe2 Nb6 8.
Bd3 h6 9. N5f3 c5 10. dxc5 Bxc5 11. Ne5 Nbd7 12. Ngf3 Qc7 13. Bf4 Bb4+ 14. Nd2
(14. Kf1 Bd6 15. Bg3 (15. Rd1 Nxe5 16. Nxe5 O-O 17. Bg3 Rd8 18. Nc4 Bxg3 19.
hxg3 b5 20. Ne5 Bb7 21. Re1 b4 22. g4 Rd4 23. g5 hxg5 24. Ng6 Nh7 25. Rxh7 {
1-0/Popovic,P-Kosic/Novi Sad/1992/}) 15... O-O 16. Rd1 Nxe5 17. Nxe5 Rd8 18.
Nc4 Bxg3 19. hxg3 Bd7 20. Qe5 $10) 14... Bxd2+ 15. Kxd2 O-O 16. Rhd1 Qb6 17.
Nc4 $6 Qc6 $1 18. Qf3 Nd5 (18... Qxf3 19. gxf3 $14) 19. g3 Nc5 $1 (19... Nxf4
20. Qxc6 bxc6 21. gxf4) 20. Bxh6 $5 (20. Bd6 Nxd3 $1 21. Bxf8 Qxc4 22. cxd3 Qd4
23. Ba3 b5 $1 24. Re1 (24. Rac1 a5 25. Bc5 Qxb2+ $17) 24... a5 (24... b4 $6 25.
Re4 Qb6 26. Rxb4 Nxb4 27. Qxa8 Qxf2+ $13) 25. Re4 Qb6 26. b3 Bb7 $17) 20...
gxh6 21. Qg4+ Kh8 22. Ne5 Qa4 $1 23. Qh5 (23. c4 Nf6 24. Qf3 Kg7 $19) 23... Kg7
24. Ng4 Rh8 (24... Qb4+ 25. Ke2 (25. Kc1 Rh8 $1 (25... Nxd3+ 26. Rxd3 Rh8 27.
Rxd5 $5 (27. Ne5 Qe1+ 28. Rd1 Qxf2 $19) 27... f5 (27... exd5 28. Qe5+ Kg8 29.
Nf6+ $13) 28. Ne5 Qe1+ 29. Qd1 $1) 26. Ne5 Nxd3+ 27. cxd3 Qe7 $19) 25... Qf4 $3
26. c4 (26. gxf4 Nxf4+ 27. Kf1 Nxh5) (26. Qxd5 exd5 27. gxf4 Bxg4+ $19) 26...
e5 $1 27. Qxe5+ (27. Nxe5 Re8) 27... Qxe5+ 28. Nxe5 Re8 29. f4 Nb4 30. Kf3 Rxe5
31. fxe5 Nbxd3 $19) 25. Ne5 Rf8 26. Ng4 Rh8 27. Ne5 Qe8 (27... Qa5+ 28. Ke2 Qc7
) 28. Qg4+ Kf8 29. Qd4 Nxd3 30. Ng6+ fxg6 31. Qxh8+ Ke7 32. Qxe8+ Kxe8 33. Kxd3
b5 $1 $15 34. Re1 $6 (34. c4 bxc4+ 35. Kxc4 Ba6+ 36. Kb3 $15) 34... Ke7 35. Re5
$6 g5 36. Rae1 Kf6 37. R5e4 Bd7 38. h4 Rf8 39. c3 a5 40. Kd4 Rc8 41. f3 $2 (41.
Kd3 $17) 41... a4 42. Rc1 Ne7 43. Kd3 e5 $1 44. Ke2 Be6 45. Kf2 (45. a3 Bd5 46.
Re3 (46. Rb4 Bc4+ 47. Kf2 Nd5 $19) 46... Nf5 $19) 45... Bxa2 46. Rce1 Rc5 $1
47. hxg5+ hxg5 48. f4 Ng6 49. fxe5+ Nxe5 50. Rd4 Rd5 51. Rxd5 Bxd5 52. Ke3 Bc4
53. Rd1 Kf5 54. Rd4 Nd3 55. g4+ Ke5 56. Re4+ (56. Rxd3 Bxd3 57. Kxd3 Kf4 $19)
56... Kf6 0-1

[Event "FIDE-Wch"]
[Site "NED/INA"]
[Date "1993.??.??"]
[Round "3"]
[White "Timman, Jan H"]
[Black "Karpov, Anatoly"]
[Result "1/2-1/2"]
[WhiteElo "2620"]
[BlackElo "2760"]
[Annotator "Ftacnik,L"]
[PlyCount "97"]
[EventDate "1993.09.??"]
[EventType "match"]
[EventRounds "21"]
[EventCountry "NED"]
[SourceTitle "CBM 036"]
[Source "ChessBase"]
[SourceDate "1993.10.01"]
[SourceVersion "1"]
[SourceVersionDate "1993.10.01"]
[SourceQuality "1"]

1. e4 c6 2. d4 d5 3. Nd2 dxe4 4. Nxe4 Nd7 5. Bc4 Ngf6 6. Ng5 e6 7. Qe2 Nb6 8.
Bd3 h6 9. N5f3 c5 10. dxc5 Bxc5 11. Ne5 Nbd7 12. Ngf3 Qc7 13. Bf4 Bb4+ 14. Nd2
Bxd2+ 15. Kxd2 O-O 16. Rhd1 Qb6 17. Kc1 $1 Nd5 18. Bg3 Nc5 19. Bc4 Bd7 $6 (
19... Na4 $5 20. Rb1 (20. Bb3 Nc5 21. Bxd5 exd5 22. Rxd5 Be6 23. Rd2 Rac8 $132)
) 20. Nxd7 Nxd7 21. a4 $1 (21. Bxd5 exd5 22. Rxd5 Nf6 23. Rd6 Qc5 $132) 21...
Rac8 22. Ra3 Qb4 (22... N7f6 23. Rb3 Qc6 24. Bb5 {/\ Kb1, c4}) 23. Bxd5 exd5
24. Qb5 $1 Qe4 (24... Qxb5 25. axb5 $16) 25. Qd3 Nf6 (25... Qxg2 26. Qxd5 Qxd5
27. Rxd5 Nb6 28. Rb5 $16) 26. Qxe4 dxe4 27. Rb3 b6 28. Rb5 Rc6 29. Rd6 (29. a5
$1) (29. Rd4 $5) 29... Rxd6 30. Bxd6 $16 Rc8 31. h3 Rc6 32. Bf4 (32. Bb8 $5 a6
33. Rb4 Nd7 34. Ba7 {/\ a5+/-}) 32... Nd7 33. Be3 Kf8 34. Rb4 Nf6 (34... f5 $2
35. g4 $1 g6 36. Bxh6+ $18) 35. b3 (35. a5 $5 Nd5 (35... bxa5 36. Rb8+ Ke7 37.
Rb7+ Ke6 38. Rxa7) 36. Rxe4 Nxe3 37. Rxe3 bxa5 38. Re5 $16) 35... Re6 36. Rb5
Ke7 37. a5 Nd7 38. axb6 axb6 39. c4 Rg6 40. g3 Rd6 41. Kc2 $2 (41. h4 $1 $16)
41... g5 42. h4 f6 43. Kc3 Ke6 44. Kb4 Ke7 45. Kc3 Rd3+ 46. Kb4 Rd6 47. c5
bxc5+ 48. Rxc5 Ke6 49. Rc4 1/2-1/2